00682nam a2200229Ia 4500003000400000005001700004008004100021020001800062040000700080041000800087082002000095100002900115245003000144250000600174260004700180300001600227365001300243906003400256942001200290999001900302952013100321OSt20230509094532.0210423s2009 xx 000 0 und d a9788131727416 cAL aeng a573.21 SUDP223 aSUDBERY (Peter).9100207 aHuman molecular genetics. a2 aNew DelhibPearson Education Pvt Ltdc2009 axiv,364bPB b425cINR agenetics. ; Human ; molecular 2ddccBK c164515d164515 001040708BTaSACPGbSACPGd2011-07-14eAthulya Booksg425.00l0o573.21 SUDPpPG011013r2022-08-24 00:00:00w2021-04-26yBK